United Kingdom CostCo Warehouse Locations - Statistics

General Stats
  • This quiz has been taken 16 times
  • The average score is 13 of 29
Answer Stats
Warehouse % Correct
Manchester
100%
Edinburgh
85%
Southampton
85%
Cardiff
77%
Glasgow
77%
Liverpool
77%
Birmingham
69%
Bristol
69%
Leeds
69%
Coventry
62%
Leicester
62%
Reading
62%
Aberdeen
54%
Derby
54%
Sheffield
54%
Watford
54%
MiltonKeynes
46%
Chester
23%
Croydon
23%
Gateshead
23%
Thurrock
15%
Wembley
15%
Farnborough
8%
Oldham
8%
Chingford
0%
Haydock
0%
Hayes
0%
Stevenage
0%
Sunbury
0%
No matching quizzes found
Score Distribution
Percent of People with Each Score
Percentile by Number Answered
Your Score History
You have not taken this quiz